Álbuns Rafa - All time - Statistics

General Stats
  • This quiz has been taken 6 times
    2 since last reset
  • The average score is 22 of 30
Answer Stats
Posição Scrobbles Diferença Álbum % Correct
#23 154 -3 Camila
100%
#1 1323 = C,XOXO
100%
#25 149 +1 Dangerous Woman
100%
#3 615 +1 Debí Tirar Más Fotos
100%
#2 833 = eternal sunshine
100%
#8 328 -2 Familia
100%
#10 289 -3 HIT ME HARD AND SOFT
100%
#26 148 NEW LUX
100%
#5 475 +3 MAYHEM
100%
#21 187 -7 Midnights
100%
#4 508 -1 Orquídeas
100%
#19 190 -2 Radical Optimism
100%
#12 268 -3 RENAISSANCE
100%
#15 222 +1 Romance
100%
#27 147 NEW Sweetener
100%
#6 461 NEW THAT'S SHOWBIZ BABY!
100%
#20 189 NEW Addison
50%
#18 194 = Born to Die
50%
#14 224 -1 BRAT
50%
#11 279 -1 BREAD
50%
#30 137 -5 Confessions on a Dance Floor
50%
#9 312 -4 COWBOY CARTER
50%
#24 151 -5 Endless Summer Vacation
50%
#17 210 -2 Escândalo Íntimo
50%
#29 143 -8 Funk Generation
50%
#28 146 -1 Headstrong
50%
#22 162 NEW Sincerely,
50%
#7 454 +4 So Close To What
50%
#16 214 NEW ABBA Gold
0%
#13 239 -1 Un Verano Sin Ti
0%
No matching quizzes found
Score Distribution
Percent of People with Each Score
Percentile by Number Answered
Your Score History
You have not taken this quiz since the last reset